[Event "Lloydminster BATB op 4th"]
[Site "Lloydminster"]
[Date "2010.09.05"]
[Round "3.13"]
[White "Xiao, Jason"]
[Black "Drury, Jonathan"]
[Result "0-1"]
[WhiteElo "1321"]
[BlackElo "1593"]
[PlyCount "60"]
[EventDate "2010.09.04"]
[EventType "swiss"]
[EventRounds "6"]
[EventCountry "CAN"]
[SourceTitle "EXT 2022"]
[Source "ChessBase"]
[SourceDate "2021.10.06"]
[SourceVersion "1"]
[SourceVersionDate "2021.10.06"]
[SourceQuality "1"]

1. e4 c5 2. Nf3 e6 3. d4 cxd4 4. Nxd4 Nf6 5. Nc3 Nc6 6. g3 a6 7. Bg2 Bc5 8. Nde2 Ne5 9. h3 0-0 10. 0-0 b5 11. a3 Rb8 12. Kh1 Bb7 13. g4 d5 14. Ng3 dxe4 15. Qxd8 Rfxd8 16. g5 Nd5 17. Ngxe4 Nxc3 18. Nxc3 Bxg2+ 19. Kxg2 Ng6 20. Ne4 Rd5 21. Bd2 Nh4+ 22. Kh1 Nf3 23. Bc3 Bd4 24. Bxd4 Rxd4 25. Nc5 Rb6 26. Rad1 g6 27. Rxd4 Nxd4 28. Rd1 Nf3 29. Rd8+ Kg7 30. Nd7 Rd6 0-1